000 00333nam a2200145Ia 4500
008 210210b1925 xxu||||| |||| 00| 0 eng d
041 _aeng
082 _a829/758
100 _aMEREDITH (G)
245 _aEgoist
260 _aLondon
_bConstable & Co Ltd.
_c1925
650 _aEgoist
690 _aEnglish Fiction
906 _a017357
999 _c137323
_d137323